<?xml version="1.0" encoding="UTF-8"?>
<record
    xmlns:xsi="http://www.w3.org/2001/XMLSchema-instance"
    xsi:schemaLocation="http://www.loc.gov/MARC21/slim http://www.loc.gov/standards/marcxml/schema/MARC21slim.xsd"
    xmlns="http://www.loc.gov/MARC21/slim">

  <leader>00538nam a22001937a 4500</leader>
  <datafield tag="999" ind1=" " ind2=" ">
    <subfield code="c">172011</subfield>
    <subfield code="d">172011</subfield>
  </datafield>
  <controlfield tag="005">20200124150948.0</controlfield>
  <datafield tag="010" ind1=" " ind2=" ">
    <subfield code="a">A-645628</subfield>
  </datafield>
  <datafield tag="020" ind1=" " ind2=" ">
    <subfield code="c">70.00</subfield>
  </datafield>
  <datafield tag="035" ind1=" " ind2=" ">
    <subfield code="a">A-645628</subfield>
  </datafield>
  <datafield tag="037" ind1=" " ind2=" ">
    <subfield code="b">BPPD/Pub.</subfield>
  </datafield>
  <datafield tag="082" ind1=" " ind2=" ">
    <subfield code="a">921</subfield>
  </datafield>
  <datafield tag="100" ind1=" " ind2=" ">
    <subfield code="a">&#x627;&#x633;&#x644;&#x645; &#x67E;&#x631;&#x648;&#x6CC;&#x632;</subfield>
  </datafield>
  <datafield tag="245" ind1=" " ind2=" ">
    <subfield code="a">&#x628;&#x6C1;&#x627;&#x62F;&#x631; &#x634;&#x627;&#x6C1; &#x638;&#x641;&#x631; /</subfield>
    <subfield code="c">&#x627;&#x633;&#x644;&#x645; &#x67E;&#x631;&#x648;&#x6CC;&#x632;</subfield>
  </datafield>
  <datafield tag="246" ind1=" " ind2=" ">
    <subfield code="a">Bahadur Shah Zafar (Urdu) /</subfield>
    <subfield code="b">by Aslam Parvez</subfield>
  </datafield>
  <datafield tag="260" ind1=" " ind2=" ">
    <subfield code="a">New Delhi</subfield>
    <subfield code="b">Anjuman Taraqqi Urdu</subfield>
    <subfield code="c">1986 &#x621;</subfield>
  </datafield>
  <datafield tag="270" ind1=" " ind2=" ">
    <subfield code="a">-</subfield>
    <subfield code="b">-</subfield>
    <subfield code="e">-</subfield>
  </datafield>
  <datafield tag="300" ind1=" " ind2=" ">
    <subfield code="a">405p.</subfield>
    <subfield code="c">22cm(Hb)</subfield>
  </datafield>
  <datafield tag="942" ind1=" " ind2=" ">
    <subfield code="2">ddc</subfield>
    <subfield code="c">UR</subfield>
    <subfield code="h">921</subfield>
    <subfield code="m">&#x638; &#x641; &#x631;</subfield>
  </datafield>
  <datafield tag="952" ind1=" " ind2=" ">
    <subfield code="0">0</subfield>
    <subfield code="1">0</subfield>
    <subfield code="4">0</subfield>
    <subfield code="7">0</subfield>
    <subfield code="8">NFIC</subfield>
    <subfield code="a">L</subfield>
    <subfield code="b">L</subfield>
    <subfield code="d">2020-01-24</subfield>
    <subfield code="e">BPPD/Ven.</subfield>
    <subfield code="g">70.00</subfield>
    <subfield code="l">0</subfield>
    <subfield code="o">921 &#x638; &#x641; &#x631;</subfield>
    <subfield code="p">A-645628</subfield>
    <subfield code="r">2020-01-24 00:00:00</subfield>
    <subfield code="t">1</subfield>
    <subfield code="v">70.00</subfield>
    <subfield code="w">2020-01-24</subfield>
    <subfield code="y">UR</subfield>
  </datafield>
</record>
